[Event "Vojvodina-chT2"]
[Site "Vrbas"]
[Date "2011.10.01"]
[Round "10"]
[White "Djonin, Bosko"]
[Black "Roganovic, Milos"]
[Result "1/2-1/2"]
[WhiteElo "2267"]
[BlackElo "2480"]
[PlyCount "64"]
[EventDate "2011.09.25"]
[EventType "team-tourn"]
[EventRounds "11"]
[EventCountry "SRB"]
[SourceTitle "CBM 144 Extra"]
[Source "ChessBase"]
[SourceDate "2011.10.28"]
[SourceVersion "1"]
[SourceVersionDate "2011.10.28"]
[SourceQuality "1"]

1. e4 c5 2. Nf3 d6 3. c3 Nf6 4. h3 Nc6 5. Bd3 g6 6. Bc2 Bg7 7. 0-0 0-0 8. Re1 b6 9. d3 Bb7 10. Nbd2 b5 11. Nf1 a5 12. Rb1 Nd7 13. Be3 Nb6 14. Qd2 e5 15. a4 Nxa4 16. Bxa4 bxa4 17. Ra1 Qd7 18. Qc2 Rfb8 19. Bc1 Ne7 20. Rxa4 Bc6 21. Ra3 a4 22. Ne3 f5 23. c4 h6 24. Nd2 Kh7 25. Nd5 Qb7 26. Nxe7 Qxe7 27. Nb1 Bf6 28. Nc3 Rb4 29. Na2 Rb7 30. Nc3 Rb4 31. Na2 Rb7 32. Nc3 Rb4 1/2-1/2

[Event "Vojvodina-chT2"]
[Site "Vrbas"]
[Date "2011.09.25"]
[Round "1"]
[White "Djonin, Bosko"]
[Black "Sertic, Rudolf"]
[Result "1-0"]
[WhiteElo "2267"]
[BlackElo "2430"]
[PlyCount "87"]
[EventDate "2011.09.25"]
[EventType "team-tourn"]
[EventRounds "11"]
[EventCountry "SRB"]
[SourceTitle "CBM 144 Extra"]
[Source "ChessBase"]
[SourceDate "2011.10.28"]
[SourceVersion "1"]
[SourceVersionDate "2011.10.28"]
[SourceQuality "1"]

1. e4 c5 2. c3 d5 3. exd5 Qxd5 4. d4 e6 5. Nf3 Nf6 6. Bd3 cxd4 7. cxd4 Bb4+ 8. Nc3 0-0 9. 0-0 Bxc3 10. bxc3 Nbd7 11. Qe2 b6 12. Rb1 Bb7 13. Rb5 Qc6 14. Rb3 a6 15. c4 Rfe8 16. Bf4 Rac8 17. Rfb1 Ba8 18. Qb2 h6 19. Bf1 Qe4 20. Bg3 Bc6 21. h3 Qf5 22. Re1 Qg6 23. Rbe3 Ba8 24. Qa3 a5 25. Nh4 Qh7 26. Bd3 g6 27. Qa4 Qg7 28. Nf3 Bc6 29. Qb3 Nh5 30. d5 Ba8 31. Qb5 Nc5 32. dxe6 Rxe6 33. Rxe6 fxe6 34. Be5 Qf7 35. Bf1 Bxf3 36. gxf3 Qxf3 37. Qxb6 Qf5 38. Qd6 a4 39. Bd4 Nf4 40. Re5 Nxh3+ 41. Bxh3 Qxh3 42. Rxc5 Qg4+ 43. Qg3 Qd1+ 44. Kg2 1-0

[Event "Vojvodina-chT"]
[Site "Sombor"]
[Date "2008.10.04"]
[Round "5"]
[White "Djonin, Bosko"]
[Black "Orlov, Konstantin N"]
[Result "0-1"]
[WhiteElo "2285"]
[BlackElo "2247"]
[PlyCount "94"]
[EventDate "2008.10.01"]
[EventType "team-tourn"]
[EventRounds "11"]
[EventCountry "YUG"]
[SourceTitle "EXT 2010"]
[Source "ChessBase"]
[SourceDate "2010.11.25"]
[SourceVersion "1"]
[SourceVersionDate "2010.11.25"]
[SourceQuality "1"]

1. e4 c5 2. c3 Nf6 3. e5 Nd5 4. Nf3 d6 5. d4 cxd4 6. Qxd4 e6 7. a3 Nc6 8. Qe4 dxe5 9. Nxe5 Qc7 10. Nxc6 bxc6 11. Bd3 Nf6 12. Qe2 Bd6 13. h3 Rb8 14. 0-0 0-0 15. Nd2 c5 16. Nc4 Bh2+ 17. Kh1 Bf4 18. Be3 Bb7 19. Bxf4 Qxf4 20. Rab1 Rfd8 21. Rfd1 Qg5 22. f3 Nh5 23. Qe5 Qxe5 24. Nxe5 Rd5 25. Ng4 Rbd8 26. Bc2 Nf4 27. Ne3 Rxd1+ 28. Rxd1 Rxd1+ 29. Nxd1 Kf8 30. Kg1 Ke7 31. Kf2 Ba6 32. h4 h6 33. g3 Nd5 34. b3 Kd6 35. c4 Ne7 36. Nc3 f5 37. Ke3 Nc6 38. f4 Nd4 39. Bd1 Bb7 40. b4 Bc6 41. b5 Bb7 42. a4 e5 43. h5 Bc8 44. fxe5+ Kxe5 45. a5 Bb7 46. Na4 Kd6 47. Kf4 Be4 0-1

[Event "Serbia-chT"]
[Site "Zlatibor"]
[Date "2006.08.26"]
[Round "1"]
[White "Djonin, Bosko"]
[Black "Marcetic, Nikola"]
[Result "1-0"]
[WhiteElo "2272"]
[BlackElo "2378"]
[PlyCount "73"]
[EventDate "2006.08.26"]
[EventType "team"]
[EventRounds "9"]
[EventCountry "YUG"]
[SourceTitle "EXT 2007"]
[Source "ChessBase"]
[SourceDate "2006.11.23"]
[SourceVersion "1"]
[SourceVersionDate "2006.11.23"]
[SourceQuality "1"]

1. e4 c5 2. c3 d5 3. exd5 Qxd5 4. d4 Nf6 5. Nf3 g6 6. Na3 Bg7 7. Bc4 Qe4+ 8. Be3 0-0 9. dxc5 Bg4 10. h3 Bxf3 11. Qxf3 Qxf3 12. gxf3 Rc8 13. Rd1 Nbd7 14. b4 a5 15. Nb1 Ne5 16. Bb3 Nxf3+ 17. Ke2 Ne5 18. a3 e6 19. Rd2 Nc6 20. Rhd1 Ne4 21. Rc2 Rd8 22. Rxd8+ Rxd8 23. Ba4 Ne7 24. f3 Ng3+ 25. Ke1 Rd3 26. Bf2 Rxf3 27. bxa5 Ne4 28. c6 bxc6 29. a6 Rd3 30. a7 Rd8 31. Rb2 Be5 32. Rb7 Kf8 33. Bd4 Bg3+ 34. Ke2 c5 35. Bg7+ Kxg7 36. Rxe7 Kf6 37. Re8 1-0

[Event "Vojvodina-chT"]
[Site "Pancevo"]
[Date "2005.10.07"]
[Round "7"]
[White "Bokan, Danko"]
[Black "Djonin, Bosko"]
[Result "1-0"]
[WhiteElo "2312"]
[BlackElo "2288"]
[PlyCount "127"]
[EventDate "2005.10.03"]
[EventType "team"]
[EventRounds "9"]
[EventCountry "YUG"]
[SourceTitle "CBM 108 Extra"]
[Source "ChessBase"]
[SourceDate "2005.11.04"]
[SourceVersion "1"]
[SourceVersionDate "2005.11.04"]
[SourceQuality "1"]

1. e4 c6 2. d4 d5 3. Nd2 dxe4 4. Nxe4 Nd7 5. Nf3 Ngf6 6. Ng3 e6 7. c3 b6 8. Bd3 Be7 9. 0-0 0-0 10. Ne5 Bb7 11. Qe2 c5 12. f4 cxd4 13. cxd4 Re8 14. Kh1 Nf8 15. Be3 Nd5 16. Bg1 f6 17. Ng4 Bd6 18. Nh5 Rc8 19. Nh6+ gxh6 20. Qg4+ Ng6 21. Bxg6 Re7 22. Bf5+ Kh8 23. Bxe6 Rc2 24. Qf5 Rxe6 25. Qxc2 Qe8 26. Qf5 Qg6 27. Ng3 Qxf5 28. Nxf5 Nxf4 29. Nh4 Nd3 30. Rad1 Nf4 31. Rfe1 Be4 32. Rc1 Kg8 33. d5 Re7 34. Rc8+ Kf7 35. Nf3 Nxd5 36. Rd1 Bf4 37. Rc4 Ne3 38. Bxe3 Bxe3 39. Re1 Bd5 40. Rc3 Bf4 41. Rxe7+ Kxe7 42. b3 a5 43. Kg1 b5 44. Kf2 Kd6 45. g3 Be5 46. Nxe5 fxe5 47. Ke3 h5 48. Rc8 a4 49. bxa4 bxa4 50. a3 Bb3 51. Rh8 Bc2 52. Rd8+ Ke6 53. Rc8 Bg6 54. Rc6+ Kd5 55. Ra6 Be8 56. Ra7 Kc4 57. Rxh7 Kb3 58. Re7 Bg6 59. Rxe5 Kxa3 60. Ra5 Ka2 61. Kd2 Bf7 62. Kc3 Ka3 63. Rb5 Bg6 64. h3 1-0

[Event "Vojvodina-chT"]
[Site "Pancevo"]
[Date "2005.10.06"]
[Round "6"]
[White "Djonin, Bosko"]
[Black "Cernicek, Djura"]
[Result "1-0"]
[WhiteElo "2288"]
[BlackElo "2149"]
[PlyCount "85"]
[EventDate "2005.10.03"]
[EventType "team"]
[EventRounds "9"]
[EventCountry "YUG"]
[SourceTitle "CBM 108 Extra"]
[Source "ChessBase"]
[SourceDate "2005.11.04"]
[SourceVersion "1"]
[SourceVersionDate "2005.11.04"]
[SourceQuality "1"]

1. e4 g6 2. d4 d6 3. Nc3 c6 4. g3 Bg7 5. Bg2 Nf6 6. Nge2 0-0 7. 0-0 e5 8. h3 Na6 9. Be3 Qa5 10. Qd2 Re8 11. a3 Qc7 12. Kh2 exd4 13. Bxd4 Nc5 14. f3 b6 15. Rad1 Ba6 16. Rfe1 Rad8 17. Nf4 Ncd7 18. Qf2 Ne5 19. Kh1 h5 20. h4 Bb7 21. a4 Ned7 22. Rd2 Ne5 23. b3 Kh7 24. Red1 Kg8 25. Nh3 d5 26. exd5 cxd5 27. Nb5 Qb8 28. Ng5 Nc6 29. Be3 Ne5 30. Bf4 a6 31. Nd4 Qc8 32. Bh3 Qc5 33. Kh2 Bc8 34. Bxe5 Rxe5 35. b4 Qc7 36. Bf1 Rde8 37. b5 a5 38. Nc6 Re3 39. c4 Bg4 40. Kh1 Bxf3+ 41. Nxf3 Ne4 42. Qh2 Rxf3 43. Bg2 1-0

[Event "Vojvodina-chT"]
[Site "Pancevo"]
[Date "2005.10.05"]
[Round "4"]
[White "Djonin, Bosko"]
[Black "Petijevic, Vaso"]
[Result "1/2-1/2"]
[WhiteElo "2288"]
[BlackElo "2259"]
[PlyCount "62"]
[EventDate "2005.10.03"]
[EventType "team"]
[EventRounds "9"]
[EventCountry "YUG"]
[SourceTitle "CBM 108 Extra"]
[Source "ChessBase"]
[SourceDate "2005.11.04"]
[SourceVersion "1"]
[SourceVersionDate "2005.11.04"]
[SourceQuality "1"]

1. e4 e5 2. Nf3 Nc6 3. Bb5 a6 4. Bxc6 dxc6 5. 0-0 f6 6. d4 exd4 7. Nxd4 c5 8. Nb3 Qxd1 9. Rxd1 Bg4 10. f3 Bd7 11. Be3 b6 12. Nc3 Bd6 13. Nd5 Ne7 14. Nxe7 Bxe7 15. Rd2 0-0-0 16. Rad1 Bd6 17. g3 Rhe8 18. Bf4 Bf8 19. h4 h5 20. Kf2 a5 21. c4 a4 22. Nc1 Be6 23. Rxd8+ Rxd8 24. Rxd8+ Kxd8 25. b3 axb3 26. axb3 b5 27. cxb5 c4 28. bxc4 Bxc4 29. Be3 Bxb5 30. Nb3 Ba4 31. Nc5 Bxc5 1/2-1/2